[Event "Let's Play Chess!"]
[Site "http://www.queenalice.com/game.php?id=1380101"]
[Date "2015.8.28"]
[Round "-"]
[White "uassirr"]
[Black "masam2014"]
[Result "1-0"]
[WhiteElo "1946"]
[BlackElo "1575"]

1. e4 e5 2. Nf3 Nc6 3. Bb5 d6 4. O-O Bd7 5. d3 g6 6. Nc3 Bg7 7. h3 Nf6 8. Bg5
O-O 9. Nd5 a6 10. Ba4 b5 11. Bb3 Be6 12. Qd2 Bxd5 13. Bxd5 Qd7 14. Bh6 Rab8 15.
Bxc6 Qxc6 16. Bxg7 Kxg7 17. Rfe1 Qb7 18. Qa5 Nd7 19. d4 exd4 20. Nxd4 Nc5 21. e5
dxe5 22. Rxe5 Nd7 23. Re7 Rfe8 24. Ne6+ Kf6 25. Rxd7 Rxe6 26. Qc3+ Kf5 27. Rxf7+
Kg5 28. Qg3+ Kh6 29. Qh4# 1-0

[Event "Let's Play Chess!"]
[Site "http://www.queenalice.com/game.php?id=1380288"]
[Date "2015.8.29"]
[Round "-"]
[White "bgbd1992"]
[Black "uassirr"]
[Result "1-0"]
[WhiteElo "2286"]
[BlackElo "1862"]

1. e4 c5 2. Nf3 d6 3. d4 cxd4 4. Nxd4 Nf6 5. Nc3 a6 6. Be3 g6 7. f3 Bg7 8. Qd2
O-O 9. O-O-O Nbd7 10. g4 Nc5 11. Bh6 Bd7 12. h4 b5 13. h5 b4 14. Nd5 Nxd5 15.
exd5 a5 16. hxg6 fxg6 17. Bxg7 Kxg7 18. Qh6+ Kf7 19. Qxh7+ Kf6 20. g5+ Kxg5 21.
Qh4# 1-0

[Event "Let's Play Chess!"]
[Site "http://www.queenalice.com/game.php?id=1380289"]
[Date "2015.8.29"]
[Round "-"]
[White "uassirr"]
[Black "Perseids_Java"]
[Result "0-1"]
[WhiteElo "1889"]
[BlackElo "1790"]

1. e4 c5 2. Nf3 Nc6 3. d4 cxd4 4. Nxd4 Nf6 5. Nc3 e5 6. Nf3 Bb4 7. Bg5 Bxc3+ 8.
bxc3 Qa5 9. Bxf6 Qxc3+ 10. Nd2 gxf6 11. Bc4 Rg8 12. g3 Nd4 13. Bb3 d6 14. O-O
Bh3 15. Bxf7+ Kxf7 16. Qh5+ Kf8 17. Qxh3 Qxd2 18. Qxh7 Qxc2 19. Rab1 b6 20. h4
Qxa2 21. h5 Qf7 22. Qxf7+ Kxf7 23. Kg2 Rg5 24. Rh1 Rh8 25. Rbc1 Rgxh5 26. Rxh5
Rxh5 27. Rc7+ Ke6 28. Rxa7 b5 29. Rb7 Rh8 30. f4 exf4 31. gxf4 f5 32. exf5+ Kxf5
33. Kg3 Rg8+ 34. Kf2 Kxf4 35. Rb6 Rd8 36. Rb7 Ke4 37. Re7+ Kd3 0-1

[Event "Let's Play Chess!"]
[Site "http://www.queenalice.com/game.php?id=1380290"]
[Date "2015.8.29"]
[Round "-"]
[White "uassirr"]
[Black "bgbd1992"]
[Result "1/2-1/2"]
[WhiteElo "1901"]
[BlackElo "2286"]

1. e4 c5 2. Nf3 d6 3. d4 cxd4 4. Nxd4 Nf6 5. Nc3 a6 6. Be2 e5 7. Nf3 h6 8. O-O
Be6 9. h3 b5 10. a3 Be7 11. Be3 O-O 12. Qd2 Nbd7 13. Rad1 Nb6 14. Bxh6 gxh6 15.
Qxh6 Nh7 16. Nxe5 Bg5 17. Qh5 Qf6 18. Ng4 Bxg4 19. Qxg4 Qf4 20. h4 Qxg4 21. Bxg4
Bf4 22. g3 Be5 23. f4 Bxc3 24. bxc3 Nc4 25. Rd3 Nf6 26. Bf3 Rfe8 27. e5 Rad8 28.
exf6 Nxa3 29. h5 Nxc2 30. Kf2 b4 31. cxb4 Nxb4 32. Rd2 Re6 33. g4 Rxf6 34. Kg3
d5 35. g5 Rfd6 36. h6 d4 37. Rh1 d3 38. f5 Nc2 39. Be4 Rd4 40. h7+ Kh8 41. Kf3
Re8 42. Rxd3 Rexe4 43. Rxd4 Rxd4 44. g6 fxg6 45. fxg6 Rd8 46. Kf4 Nd4 47. Kg5
Rf8 48. Rb1 Ne6+ 49. Kg4 Kg7 50. Rb7+ Kxg6 51. Rb6 Kxh7 52. Rxe6 Ra8 53. Kf4 a5
54. Ke3 a4 55. Kd3 a3 56. Re1 a2 57. Ra1 Kg7 58. Kc2 Kh7 59. Kb2 Kh8 60. Rxa2
Rxa2+ 61. Kxa2 Kg8 62. Ka3 Kh8 63. Kb3 1/2-1/2

[Event "OS INCLIVEIS"]
[Site "http://www.queenalice.com/game.php?id=1383354"]
[Date "2015.9.15"]
[Round "-"]
[White "adelio"]
[Black "uassirr"]
[Result "0-1"]
[WhiteElo "1832"]
[BlackElo "1931"]

1. d4 Nf6 2. c4 d6 3. Nc3 g6 4. e4 Bg7 5. Be2 Nbd7 6. h4 O-O 7. g4 c5 8. Nh3
cxd4 9. g5 dxc3 10. bxc3 Nxe4 11. Bb2 Nxc3 12. Qc1 Qa5 13. Kf1 Nxe2 14. Kxe2
Bxb2 15. Qxb2 Qe5+ 16. Qxe5 Nxe5 17. Rac1 Bxh3 18. Rxh3 Rac8 19. Rhc3 Rc5 20. f4
Nd7 21. Kd3 Rfc8 22. a4 Nb6 23. Rb1 Rxc4 24. Rxc4 Rxc4 25. Rxb6 Rxa4 26. Rxb7 e6
27. Ke3 d5 28. Kf3 a5 29. Kg4 Ra1 30. h5 gxh5+ 31. Kxh5 Kg7 32. Rb2 d4 33. Rf2
f5 34. gxf6+ Kxf6 35. Kg4 a4 36. Rd2 a3 37. Rxd4 a2 38. Ra4 Rg1+ 39. Kf3 a1=Q
40. Rxa1 Rxa1 41. Kg3 Kf5 42. Kf3 Ra3+ 43. Kg2 Kxf4 44. Kf2 Ra2+ 45. Ke1 Kf3 46.
Kd1 Ke3 47. Kc1 Kd3 48. Kb1 Rh2 49. Ka1 Kc3 50. Kb1 Rg2 51. Ka1 Kb3 52. Kb1 Rg1#
0-1

[Event "OS INCLIVEIS"]
[Site "http://www.queenalice.com/game.php?id=1383355"]
[Date "2015.9.15"]
[Round "-"]
[White "uassirr"]
[Black "adelio"]
[Result "1-0"]
[WhiteElo "1915"]
[BlackElo "1906"]

1. e4 a6 2. Nf3 c5 3. d4 e6 4. Bd2 d6 5. Be2 Be7 6. O-O h5 7. Nc3 h4 8. h3 Nc6
9. d5 Nd4 10. Nxd4 cxd4 11. Nb1 Nf6 12. Bg5 Nxe4 13. Bxe7 Qxe7 14. Qxd4 f5 15.
Nc3 Ng3 16. fxg3 hxg3 17. Rae1 e5 18. Qb4 f4 19. Qe4 Bxh3 20. Qg6+ Kd7 21. Bg4+
Bxg4 22. Qxg4+ Kc7 23. Rxf4 Qd7 24. Qxd7+ Kxd7 25. Rf7+ Ke8 26. Rxg7 b5 27. Rxg3
Ra7 28. Rh3 Rg8 29. Ne4 Kf8 30. Rh6 Rag7 31. g3 Ke7 32. Rxd6 Rxg3+ 33. Nxg3 Kxd6
34. Kf2 Kxd5 35. Rd1+ Ke6 36. c3 Rg4 37. Rh1 Rf4+ 38. Ke3 Rf6 39. Ne4 Rg6 40.
Nc5+ Kd5 41. Nd3 Rg3+ 42. Ke2 Kc4 43. Nxe5+ Kd5 44. Nd3 a5 45. Rh5+ Ke4 46. Re5#
1-0

[Event "Let's Play Chess!"]
[Site "http://www.queenalice.com/game.php?id=1387995"]
[Date "2015.10.8"]
[Round "-"]
[White "uassirr"]
[Black "GiulioTorino"]
[Result "0-1"]
[WhiteElo "1951"]
[BlackElo "1953"]

1. e4 d5 2. exd5 Qxd5 3. Nf3 Bg4 4. Be2 Nc6 5. O-O O-O-O 6. h3 Bh5 7. Nc3 Qd6 8.
a4 Nf6 9. Re1 Bg6 10. a5 Nb4 11. d3 a6 12. Bf1 e6 13. Ne5 Be7 14. Nxg6 hxg6 15.
Ne4 Nxe4 16. Rxe4 Qd5 17. Bf4 Bd6 18. Bxd6 Rxd6 19. Rxb4 g5 20. Qf3 f5 21. Qxd5
Rxd5 22. Kh1 g4 23. Ra3 gxh3 24. gxh3 g5 25. d4 g4 26. Bxa6 bxa6 27. Kg2 Kd7 28.
hxg4 fxg4 29. c3 Rdh5 30. Kf1 Rh1+ 31. Ke2 R1h2 32. Ke3 Rf8 33. d5 exd5 34. Rxg4
Rfxf2 35. Kd4 Rxb2 36. Kxd5 c6+ 37. Kd4 Rhg2 38. Rxg2 Rxg2 39. c4 Kd6 40. c5+
Ke6 41. Re3+ Kd7 42. Kc3 Ra2 43. Kb4 Rb2+ 44. Kc4 Ra2 45. Kb4 Rb2+ 46. Kc3 Rb5
47. Rd3+ Kc7 48. Kc4 Rxa5 49. Rb3 Rb5 50. Rf3 Rb7 51. Rf7+ Kb8 52. Rxb7+ Kxb7
53. Kb4 Kc7 54. Ka5 Kd7 55. Kxa6 Ke6 56. Kb6 Kd5 57. Ka5 Kxc5 58. Ka4 Kc4 0-1

[Event "Let's Play Chess!"]
[Site "http://www.queenalice.com/game.php?id=1389717"]
[Date "2015.10.18"]
[Round "-"]
[White "uassirr"]
[Black "Derik_vd_Heever"]
[Result "1-0"]
[WhiteElo "1948"]
[BlackElo "1611"]

1. e4 e6 2. Nf3 d5 3. exd5 Qxd5 4. Nc3 Qf5 5. Be2 Nf6 6. O-O g6 7. Re1 Bg7 8.
Nd4 Qe5 9. Bb5+ c6 10. Rxe5 O-O 11. Ba4 Nbd7 12. Re1 e5 13. Nf3 Re8 14. d3 Re6
15. Ng5 Rd6 16. Bb3 h6 17. Nxf7 Rd4 18. Nxh6+ Kh7 19. Nf7 b6 20. Nxe5 Nh5 21.
Nxc6 Bb7 22. Nxd4 Bxd4 23. Re7+ Kh8 24. Rxd7 Bxc3 25. bxc3 Bc6 26. Rd6 Rc8 27.
Qg4 Be8 28. Qxc8 Ng7 29. Bf7 1-0

[Event "Challenge"]
[Site "http://www.queenalice.com/game.php?id=1399250"]
[Date "2015.12.17"]
[Round "-"]
[White "uassirr"]
[Black "JoseHenrique"]
[Result "1-0"]
[WhiteElo "1935"]
[BlackElo "1982"]

1. e4 e5 2. Nf3 Nc6 3. Bb5 d6 4. O-O Bd7 5. d3 Nf6 6. Nc3 a6 7. Bc4 Be7 8. h3
O-O 9. Nd5 h6 10. Nxe7+ Qxe7 11. Be3 Be6 12. Bxe6 Qxe6 13. Qd2 b5 14. Bxh6 Nxe4
15. dxe4 Qxh6 16. Qxh6 gxh6 17. c3 Kh7 18. b4 Ne7 19. a4 c6 20. axb5 axb5 21.
Rfd1 Rxa1 22. Rxa1 Kg7 23. Rd1 Rd8 24. Nxe5 f6 25. Nf3 Ng6 26. Nd4 Kf7 27. Nxc6
Rd7 28. Nd4 Rb7 29. Nf5 1-0

[Event "OS INCLIVES"]
[Site "http://www.queenalice.com/game.php?id=1399271"]
[Date "2015.12.17"]
[Round "-"]
[White "adelio"]
[Black "uassirr"]
[Result "1/2-1/2"]
[WhiteElo "1730"]
[BlackElo "1969"]

1. d4 Nf6 2. c4 d6 3. Nc3 g6 4. e4 Nbd7 5. Be2 Bg7 6. Nf3 O-O 7. h4 c5 8. Bd2
cxd4 9. g4 dxc3 10. Bxc3 Nc5 11. Bxf6 Bxf6 12. Ng5 Qa5+ 13. Kf1 Bxg5 14. hxg5
Nxe4 15. Qc1 Qxg5 16. Qxg5 Nxg5 17. Kg2 b6 18. Rae1 Bb7+ 19. f3 Bxf3+ 20. Bxf3
Nxf3 21. Kxf3 Rfe8 22. Kf4 e6 23. Kg5 Kg7 24. Ref1 d5 25. Rf6 dxc4 26. Rhf1 Re7
27. R6f4 b5 28. a4 a6 29. a5 Rd8 30. Kh4 f5 31. g5 Rd2 32. Rh1 Rxb2 33. Rd4 e5
34. Rd6 Ra7 35. Rhd1 c3 36. Rc6 b4 37. Rd8 Rd2 38. Rb8 Rd4+ 39. Kg3 Rg4+ 40. Kf2
Rxg5 41. Rcc8 e4 42. Rxb4 h5 43. Rxc3 h4 44. Rb6 f4 45. Rcc6 Rxa5 46. Rxg6+ Kf7
47. Rgf6+ Kg7 48. Rg6+ Kh7 49. Rh6+ Kg7 50. Rhg6+ Kh7 51. Rh6+ Kg7 52. Rhg6+ Kh7
1/2-1/2

[Event "OS INCLIVEIS"]
[Site "http://www.queenalice.com/game.php?id=1399272"]
[Date "2015.12.17"]
[Round "-"]
[White "uassirr"]
[Black "adelio"]
[Result "1-0"]
[WhiteElo "1953"]
[BlackElo "1743"]

1. e4 a6 2. Nf3 c5 3. d4 e6 4. Nc3 d6 5. dxc5 Be7 6. cxd6 Qxd6 7. Qxd6 Bxd6 8.
e5 Bc5 9. Bd3 Bxf2+ 10. Kxf2 Nc6 11. Bg5 h6 12. Be3 b5 13. Rad1 Bb7 14. Be2 Nge7
15. Rd2 Nf5 16. Bc5 Nce7 17. Rhd1 Bc6 18. Bxe7 Nxe7 19. a3 O-O 20. Rd6 Rac8 21.
b4 Bxf3 22. Bxf3 Rxc3 23. Rxa6 Rxc2+ 24. Kf1 Rfc8 25. a4 Ra2 26. axb5 Rxa6 27.
bxa6 Nc6 28. Bxc6 Rxc6 29. b5 Rc5 30. a7 Rxb5 31. a8=Q+ Kh7 32. Qe4+ g6 33. Rd7
Kg7 34. Qf4 Rb1+ 35. Ke2 Rb2+ 36. Kd3 Rb3+ 37. Kc2 h5 38. Rxf7+ Kg8 39. Rf8+ Kg7
40. Qf6+ Kh6 41. Rh8# 1-0

[Event "Let's Play Chess!"]
[Site "http://www.queenalice.com/game.php?id=1402267"]
[Date "2016.1.4"]
[Round "-"]
[White "charles31"]
[Black "uassirr"]
[Result "0-1"]
[WhiteElo "1755"]
[BlackElo "1961"]

1. e4 c5 2. Nc3 d6 3. Nf3 Nf6 4. h3 g6 5. a3 Bg7 6. d4 cxd4 7. Nxd4 a6 8. Be3
Nbd7 9. Bc4 O-O 10. g4 Nc5 11. f3 Bd7 12. f4 Ncxe4 13. Nxe4 Nxe4 14. Qf3 Nc5 15.
f5 Qc7 16. fxg6 hxg6 17. h4 Bxd4 18. h5 Bxe3 19. Qxe3 Qc6 20. Rg1 Qe4 21. Kd2
Qxe3+ 22. Kxe3 g5 23. Raf1 Be6 24. Bxe6 Nxe6 25. Rf2 f6 26. b3 Rac8 27. c4 Nc5
28. b4 Ne6 29. Kd3 b5 30. cxb5 axb5 31. Re1 Nf4+ 32. Rxf4 gxf4 33. Rxe7 Rfe8 34.
Rb7 Re3+ 35. Kd2 Rxa3 36. Rxb5 f3 37. Rf5 Ra2+ 38. Kd3 f2 39. Rxf6 Rc1 40. b5
f1=Q+ 0-1

[Event "My Alice_13"]
[Site "http://www.queenalice.com/game.php?id=1402908"]
[Date "2016.1.7"]
[Round "-"]
[White "uassirr"]
[Black "EdBrazil"]
[Result "1-0"]
[WhiteElo "1944"]
[BlackElo "1587"]

1. e4 e5 2. Nf3 f6 3. d4 d6 4. dxe5 dxe5 5. Qxd8+ Kxd8 6. Nc3 c6 7. Be3 Bg4 8.
O-O-O+ Nd7 9. Be2 Bb4 10. h3 Bxc3 11. bxc3 Be6 12. c4 Kc7 13. Kb2 c5 14. g4 g5
15. Ne1 Nb6 16. Bxc5 Na4+ 17. Ka3 Nxc5 18. f3 Ne7 19. Ng2 a5 20. Ne3 a4 21. Nd5+
Bxd5 22. cxd5 Kd6 23. Rb1 Nc8 24. h4 Ra5 25. hxg5 fxg5 26. Rh6+ Kd7 27. Rbh1 Nd6
28. Rxh7+ Rxh7 29. Rxh7+ Kc8 30. Rg7 b5 31. Rxg5 Ra7 32. Rxe5 Rb7 33. g5 b4+ 34.
Kb2 a3+ 35. Kb1 b3 36. cxb3 Rh7 37. g6 Rh1+ 38. Kc2 Nd7 39. Rg5 Rh2 40. Kd2 Rh1
41. Bd1 Nb5 42. g7 Nf6 43. g8=Q+ Nxg8 44. Rxg8+ Kd7 45. Rg2 Nd4 46. e5 Nxb3+ 47.
Bxb3 1-0

[Event "Let's Play Chess!"]
[Site "http://www.queenalice.com/game.php?id=1402991"]
[Date "2016.1.7"]
[Round "-"]
[White "igorjava"]
[Black "uassirr"]
[Result "1-0"]
[WhiteElo "1892"]
[BlackElo "1959"]

1. e4 c5 2. Nf3 d6 3. d4 cxd4 4. Nxd4 Nf6 5. Nc3 g6 6. Bg5 a6 7. Qd2 Bg7 8. a4
O-O 9. Bh6 Nbd7 10. Bxg7 Kxg7 11. f4 Nc5 12. Bd3 Nxd3+ 13. cxd3 Bd7 14. O-O Qb6
15. Qf2 Ng4 16. Ne6+ 1-0

[Event "Let's Play Chess!"]
[Site "http://www.queenalice.com/game.php?id=1402992"]
[Date "2016.1.8"]
[Round "-"]
[White "uassirr"]
[Black "igorjava"]
[Result "0-1"]
[WhiteElo "1940"]
[BlackElo "1910"]

1. e4 c5 2. Nf3 d6 3. d4 cxd4 4. Nxd4 Nf6 5. Nc3 Nc6 6. Nxc6 bxc6 7. Be2 e5 8.
Bg5 Be7 9. Qd2 h6 10. Be3 a5 11. O-O O-O 12. h3 Ba6 13. Bxa6 Rxa6 14. Ne2 Qc8
15. Ng3 Kh8 16. Bxh6 gxh6 17. Qxh6+ Nh7 18. Nf5 Bf6 19. Rad1 d5 20. exd5 cxd5
21. Rxd5 Qxf5 0-1

[Event "Challenge"]
[Site "http://www.queenalice.com/game.php?id=1404156"]
[Date "2016.1.14"]
[Round "-"]
[White "masam2014"]
[Black "uassirr"]
[Result "1-0"]
[WhiteElo "1518"]
[BlackElo "1960"]

1. d4 Nf6 2. c4 d6 3. Nf3 Nbd7 4. e3 g6 5. Be2 c5 6. O-O Bg7 7. Nc3 O-O 8. b3
cxd4 9. exd4 a6 10. Bb2 Re8 11. Re1 Nf8 12. Qd2 Bd7 13. d5 Rb8 14. Rab1 b5 15.
cxb5 axb5 16. Nd4 b4 17. Nd1 Nxd5 18. Ne3 Nxe3 19. Qxe3 Qb6 20. Red1 Ne6 21. Nc2
Qxe3 22. Nxe3 Nf4 23. Bf3 1-0

[Event "Let's Play Chess!"]
[Site "http://www.queenalice.com/game.php?id=1404261"]
[Date "2016.1.15"]
[Round "-"]
[White "uassirr"]
[Black "masam2014"]
[Result "1-0"]
[WhiteElo "1942"]
[BlackElo "1507"]

1. e4 c5 2. Nf3 b6 3. d4 Bb7 4. Bb5 e6 5. d5 exd5 6. exd5 Qf6 7. O-O Qf5 8. Re1+
Kd8 9. Ne5 Nf6 10. Nxf7+ Kc7 11. d6+ Kc8 12. Bg5 Rg8 13. Bxf6 Qxf6 14. Re8+ 1-0

[Event "Challenge"]
[Site "http://www.queenalice.com/game.php?id=1404525"]
[Date "2016.1.16"]
[Round "-"]
[White "uassirr"]
[Black "Dogie"]
[Result "1-0"]
[WhiteElo "1946"]
[BlackElo "1898"]

1. e4 e5 2. Nf3 Nc6 3. Bb5 a6 4. Ba4 Nf6 5. d3 b5 6. Bb3 Be7 7. O-O O-O 8. a3 d5
9. exd5 Nxd5 10. Bxd5 Qxd5 11. Nc3 Qd6 12. Ne4 Qd8 13. Nfg5 Bxg5 14. Nxg5 Bf5
15. Be3 Nd4 16. h3 Qe7 17. Nf3 c5 18. Ng5 f6 19. Ne4 Rfd8 20. c3 Ne6 21. Qb3 Kh8
22. Qc2 Bxe4 23. dxe4 c4 24. a4 h6 25. axb5 axb5 26. Rxa8 Rxa8 27. Rd1 Rd8 28.
Rxd8+ Qxd8 29. Qd2 g5 30. Qxd8+ Nxd8 31. Kf1 Nb7 32. Bb6 Kg7 33. Ke2 Kf7 34. Ke3
Ke6 35. g3 Nd6 36. f4 exf4+ 37. gxf4 Nc8 38. f5+ Kd6 39. Bd4 Ke7 40. e5 fxe5 41.
Bxe5 Nd6 42. Bxd6+ Kxd6 43. Kd4 h5 44. f6 Ke6 45. f7 Kxf7 46. Ke5 g4 47. hxg4
hxg4 48. Kf4 g3 49. Kxg3 Ke6 50. Kf4 Kd5 51. Kf5 Kc5 52. Ke5 b4 53. Ke4 Kb5 54.
Kd4 bxc3 55. bxc3 Kb6 56. Kxc4 Kc6 57. Kd4 Kd6 58. c4 Kc6 59. c5 Kc7 60. Kd5 Kb7
61. Kd6 Kc8 62. Kc6 1-0